Queremos tanto a glenda /

Guardado en:
Autor Principal: Cortázar, Julio
Formato: Libro
Publicado: Buenos Aires : Alfaguara, 2014
Series:Biblioteca Cortázar
Materias:
Etiquetas: Agregar Etiqueta
Sin Etiquetas, Sea el primero en etiquetar este registro!
LEADER 01101nam a22002415a 4500
001 CEM.cems018326
005 20140717115542.0
008 130507s2014##################000#0#####d
003 CEMS
020 |a 9789870433682 
082 0 4 |a A868.4 
100 1 |a Cortázar, Julio 
245 1 0 |a Queremos tanto a glenda /  |c Julio Cortázar 
260 |a Buenos Aires :  |b Alfaguara,  |c 2014 
300 |a 168 p. 
490 0 |a Biblioteca Cortázar 
500 |a En estos diez relatos insuperables, hay variantes para todos los paladares de lectura: rituales públicos y privados, pesadillas que surgen a plena luz del día, cruces imperceptibles entre la realidad y la imaginación, humor, violencia y melancolía. 
505 0 |a Orientación de los gatos -- Queremos tanto a Glenda -- Historia con migalas -- Texto en una libreta -- Recortes de prensa -- Tango de vuelta -- Clone -- Graffiti -- Historias que me cuento -- Anillo de Moebius 
653 |a Literatura 
653 |a Literatura argentina 
653 |a Cuentos 
653 |a Cuento argentino 
859 |a CEMS  |b BIB. CEMS - Agricultura  |h A868.4  |i C891-8  |p A2161.14  |t Ej.1